000367899 001__ 367899
000367899 005__ 20260506173058.0
000367899 0247_ $$2I:(DE-82)510000-1_20140620$$aG:(DE-82)START-106_25$$dG:(DE-82)START
000367899 035__ $$aG:(DE-82)START-106_25
000367899 150__ $$aProteom Dynamik im Fokus: Aktivierung von Fibroblasten in der Tumormikroumgebung$$y2026-01-01 - 2026-12-01
000367899 450__ $$aSTART-106_25$$wd
000367899 5101_ $$0I:(DE-82)510000-1_20140620$$aMedizinische Fakultät RWTH Aachen$$bMedFak
000367899 909CO $$ooai:juser.fz-juelich.de:1057394$$pauthority:GRANT$$pauthority
000367899 909CO $$ooai:juser.fz-juelich.de:1057394
000367899 980__ $$aG
000367899 980__ $$aAUTHORITY